Nebojme sa miezd

Ucelený príklad spracovávania mzdovej agendy drobnej podnikateľky počas jedného kalendárneho roka. V jednotlivých mesiacoch a na jednotlivých prípadoch sú ukážky, ako sa legislatívne zmeny základných zákonov upravujúcich túto oblasť premietajú do konkrétnych povinností zamestnávateľa.

Salvato in:
Dettagli Bibliografici
Autore principale: Kontšeková, Zuzana
Natura: Capitolo di libro
Lingua:slovacco
Soggetti:
Tags: Aggiungi Tag
Nessun Tag, puoi essere il primo ad aggiungerne!!

MARC

LEADER 00000naa a2200000 4500
001 r040745
005 20230919091613.0
041 0 |a slo 
044 |a SK 
245 1 0 |a Nebojme sa miezd  |c Zuzana Kontšeková 
520 |a Ucelený príklad spracovávania mzdovej agendy drobnej podnikateľky počas jedného kalendárneho roka. V jednotlivých mesiacoch a na jednotlivých prípadoch sú ukážky, ako sa legislatívne zmeny základných zákonov upravujúcich túto oblasť premietajú do konkrétnych povinností zamestnávateľa. 
610 2 0 |a agenda mzdová 
610 2 0 |a mzdy 
610 2 0 |a podnikatelia 
610 2 0 |a povinnosti zamestnávateľov 
100 1 |a Kontšeková, Zuzana